[Event "Hoogovens"]
[Site "Wijk aan Zee"]
[Date "1998.01.27"]
[Round "10"]
[White "Adams, Michael"]
[Black "Salov, Valery"]
[Result "1-0"]
[WhiteElo "2670"]
[BlackElo "2680"]
[Annotator "Ribli,Z"]
[PlyCount "77"]
[EventDate "1998.01.16"]
[EventType "tourn"]
[EventRounds "13"]
[EventCountry "NED"]
[EventCategory "17"]
[SourceTitle "CBM 063"]
[Source "ChessBase"]
[SourceDate "1998.03.26"]
[SourceVersion "1"]
[SourceVersionDate "1998.03.26"]
[SourceQuality "1"]

1. e4 c5 2. Nf3 e6 3. d4 cxd4 4. Nxd4 a6 {Das ist die sogenannte
Paulsenvariante der Sizilianischen Verteidigung, in der es nicht so viele
konkrete und scharfe Varianten wie z.B. in der Drachernvariante gibt. Schwarz
strebt ruhiges positionelles Spiel an.Ribli.} 5. Bd3 Bc5 6. Nb3 Ba7 7. Qe2 Nc6
8. Be3 {Es macht Sinn für Weiß, den starken schwarzfeldrigen Läufer zu
tauschen.} d6 9. O-O Nf6 10. f4 {Dieser Zug wird relativ selten gespielt. Im
weiteren Verlauf bekommt Weiß aktive Möglichkeiten am Königsflügel.} (10. c4
Ne5 11. Nc3 O-O 12. Rfd1 Bxe3 13. Qxe3 Qc7 14. Be2 (14. Rac1 b6 15. Be2 Bb7 16.
f4 Ng6 17. g3 Rfd8 18. a3 Rac8 19. Nd4 Qb8 20. f5 Nf8 {Metaxas,P-Cramling,P/
Heraklio op 1993/1/2-1/2 (64)}) 14... Nxc4 15. Bxc4 Qxc4 16. Rxd6 b5 17. e5 Ng4
18. Qf3 Rb8 19. Rd4 Nxe5 20. Qg3 Qc7 21. Rc1 f6 22. Nxb5 Qb6 23. Rc7 Ng6 24.
Nc3 e5 25. Nd5 Qe6 {0-1 Klovans,J-Tunik,G/Pardubice op 1994 (34)}) (10. Bxa7
Rxa7 11. f4 e5 12. Nc3 exf4 13. Rxf4 b5 14. Raf1 Be6 15. Qf2 Ng4 16. Rxg4 Bxg4
17. Nd4 Ne5 {[#]} 18. Ne6 Bxe6 19. Qxa7 Qc8 20. Kh1 O-O 21. Qb6 Qc5 {0-1
Johansson,T-Sjoberg,M/Osterskan op 1994 (34)}) 10... O-O (10... Bxe3+ 11. Qxe3
Ng4 12. Qg3 Qb6+ 13. Kh1 h5 14. Nc3 Bd7 15. Rae1 O-O-O 16. Nd1 Rdg8 17. Ne3
Nxe3 18. Qxe3 Qxe3 19. Rxe3 h4 20. Be2 g5 21. fxg5 Ne5 22. Rd1 Kc7 23. Rc3+ Bc6
24. Nd4 Rxg5 25. b4 h3 {0-1 Kirnos,E-Shalimov,V/Minsk op 1996 (41)}) 11. Kh1 $5
{Ein nützlicher Abwartezug. Weiß entwickelt den Springer noch nicht, denn in
einigen Varianten steht er auf c3, in anderen auf d2 günstiger.} e5 12. f5 Bxe3
13. Qxe3 $11 {Weiß hat zwar Raumvorteil, aber sein Bd3 spielt eine passive
Rolle. Auf der anderen Seite verfügt Schwarz über eine solide Stellung - die
einzige Schwäche auf d5 ist leicht zu halten.} Nb4 $6 (13... d5 $5 14. N1d2
dxe4 (14... d4 $5 {Dieser Zug gefällt mir nicht. Wenn Schwarz auf d3 tauscht,
führt das lediglich dazu, daß Weiss sich von einer schlechten Figur befreien
kann.} 15. Qe2) 15. Nxe4 Nd5 (15... Nxe4 16. Bxe4 $14 {[%csl Rc8,Ge4] Der
ehemals passive Läufer ist jetzt der Stolz der weißen Stellung.}) 16. Qg3 $36)
14. Nc3 b5 $13 (14... d5 $5 15. exd5 (15. Nxd5 Nbxd5 16. exd5 Qxd5 17. Rad1 $11
) 15... Re8 $11 {[%csl Rd5]} (15... Nbxd5 16. Qxe5 $16)) 15. Rad1 Bb7 16. a3
Nxd3 17. Rxd3 (17. cxd3 $6 {Das wäre nach 15.Rad1 nicht logisch.} d5 18. exd5
Nxd5 $15 19. Qxe5 Re8 {[%cal Rd5e3,Re3d1,Re3f1,Re3g2]}) 17... Rc8 18. Rfd1 Rc6
$6 (18... Rxc3 $5 19. Rxc3 Nxe4 $44 {Schwarz hat einen Bauern für die Qualität,
und sein Bb7 ist besonders stark.} 20. Rcd3 Qc8 {[%csl Rc2,Rf5]} 21. Nd2 Nf6 (
21... Qxf5)) 19. Nd5 Rc4 (19... Nxd5 20. Rxd5 Rxc2 21. Rxd6 Qa8 22. Nc5 {
[%csl Gc5]} Rxb2 $6 {Sonst kann Weiß mit 23.b4 die Position seines Nc5 stärken.
} 23. f6 $40 {[%cal Re3g5]} gxf6 24. Nd7 {[%csl Rg8]} Bxe4 $2 25. Nxf6+) 20.
Nxf6+ Qxf6 21. Rxd6 Rxe4 $5 (21... Qh4 $5 22. Nc5 {[%csl Gc5]} (22. Nd2 Rxc2
$132) 22... Bxe4 23. b3 {[%csl Rc4]} Bxg2+ (23... Qg4 24. Rg1 $16) 24. Kxg2
Rxc2+ 25. R6d2 (25. R1d2 $2 Qg4+ 26. Kf2 (26. Kh1 Rc1+) 26... Qxf5+) 25... Rd8
{[%csl Rg2][%cal Rh4g4]} (25... Qg4+ 26. Kh1 Rxd2 27. Rxd2 Qxf5 {Schwarz hat
drei Bauern für die Figur, zudem steht der weiße König ein wenig unsicher.})
26. h3 $16) 22. Qg1 $1 $16 {Nach diesem Zug ist alles verteidigt, und es droht
23.Nc5 mit Qualitätsgewinn.} (22. Qf2 $6 Rf4 23. Qxf4 Qxd6 24. Rxd6 exf4 $132)
22... Qxf5 23. Nc5 {[%cal Rc5e4,Rc5b7]} Qc8 24. Nxe4 Bxe4 25. c3 h5 $6 (25...
f6 $16) 26. Qe3 {Durch diesen Zug verliert Schwarz noch einen Bauern und
behält eine klare Qualität weniger.} Qg4 {[%cal Rg4g2]} 27. R1d2 (27. R6d2 $4
Bxg2+ 28. Rxg2 Qxd1+ $19) 27... f6 28. h3 Qf5 29. Rxa6 {Weiß kontrolliert die
einzige offene Linie und hat eine Qualität mehr. Schwarz hat nichts auf der
Diagonale a8-h1.} Kh7 30. Kh2 h4 31. Rb6 {[%csl Rb5]} Qg6 32. Qf2 $5 (32. Rxb5
Rd8) 32... Qg5 33. Rxb5 {Schwarz hat keine Hoffnung, die Partie noch retten zu
können. Ich glaube, daß er in Zeitnot war und daher noch ein paar Züge machte.
Ribli.} Ba8 34. a4 Re8 35. Re2 Rd8 36. Rb4 {[%csl Rh4][%cal Rb4h4]} e4 37.
Rbxe4 $18 {Das ist der einfachste Weg zum Sieg.Weiß gibt die Qualität und
behält am Ende drei Bauern mehr.} Bxe4 38. Rxe4 Kg8 39. Qxh4 {Und Schwarz muß
in verlorener Stellung aufgeben.Ribli.} 1-0

[Event "RUS-ch 53rd"]
[Site "Samara"]
[Date "2000.06.25"]
[Round "9"]
[White "Voitsekhovsky, Stanislav"]
[Black "Kobalia, Mihail"]
[Result "0-1"]
[WhiteElo "2546"]
[BlackElo "2593"]
[Annotator "Ribli,Z"]
[PlyCount "70"]
[EventDate "2000.06.03"]
[EventType "swiss"]
[EventRounds "11"]
[EventCountry "RUS"]
[SourceTitle "CBM 078"]
[Source "ChessBase"]
[SourceDate "2000.10.18"]
[SourceVersion "1"]
[SourceVersionDate "2000.10.18"]
[SourceQuality "1"]

1. e4 {Meulders} c5 2. Nf3 e6 3. d4 cxd4 4. Nxd4 a6 5. Bd3 Bc5 6. Nb3 Ba7 ({
An interesting alternative is} 6... Be7 {(Meulders) A recent game went:} 7. Qg4
g6 8. Nc3 d6 9. a4 b6 10. O-O Nd7 11. Qe2 Qc7 12. Bd2 Bb7 13. Rae1 Ne5 14. Kh1
Nf6 15. Bh6 Neg4 16. Bd2 Ne5 17. Bh6 Nfg4 18. Bg7 Rg8 19. Bxe5 Nxe5 20. f4 $14
{0-1 David,A-Smirin,I/Saint Vincent 2000 (40)}) 7. Qe2 {Egal ob Weiß lang oder
kurz rochiert, er muss den Ba7 mit Be3 abtauschen.} (7. c4 {Meulders} Nc6 8.
Nc3 Nge7 9. O-O O-O 10. Qe2 d6 11. Be3 e5 12. Bxa7 (12. Rad1 Nd4 13. Bxd4 exd4
14. Nd5 Re8 15. Kh1 Bd7 16. Qh5 Nxd5 17. cxd5 Re5 18. Qe2 Qh4 19. f4 Ree8 20.
Nd2 Rac8 $11 {1/2-1/2 Zontakh,A-Gritsak,O/Ordzhonikidze 2000 (56)}) 12... Rxa7
13. Rfd1 Be6 14. Qe3 Ra8 (14... Qb8 15. Be2 b6 16. Nd5 $14 {1-0 Kuzmin,G-Kozel,
R/Yalta 1996/EXT 98 (31)}) 15. Be2 b6 16. Rac1 Qb8 17. Rd2 Ra7 18. Nd5 Nc8 19.
Rc3 Rb7 20. Qg3 $14 {1-0 Galliamova,A-Kobalija,M/Samara 2000 (41)}) 7... Ne7 (
7... Nc6 8. Be3 d6 9. Nc3 Nge7 10. O-O (10. O-O-O O-O 11. h4 b5 12. Rdg1 b4 13.
Nd1 a5 14. Kb1 a4 15. Nd2 Ne5 $15 {0-1 West,G-Christiansen,L/Philadelphia 1990/
EXT 97 (52)}) (10. Bxa7 Rxa7 11. a4 {Ein neuer Versuch etwas zu erreichen.} (
11. O-O b5 12. a3 Ng6 13. f4 e5 14. f5 Nf4 15. Qe3 O-O 16. Kh1 f6 17. a4 Nxd3
18. Qxd3 {0-1 Prasad,D-Conquest,S/Kuala Lumpur 1992/CBM 31 ext (46)}) (11. Qe3
O-O 12. f4 b5 13. a4 b4 14. Ne2 e5 15. O-O Bg4 16. Ng3 exf4 17. Rxf4 Be6 18.
Nf5 Bxf5 19. exf5 Nd5 20. Qf3 Nxf4 21. Qxf4 $17 {0-1 Maahs,E-Conquest,S/
Neuwied 1993/GER (31)}) (11. O-O-O b5 12. e5 Nxe5 13. Bxb5+ axb5 14. Nxb5 Rd7
15. Nxd6+ Rxd6 16. Qxe5 Rd5 17. Qxg7 Rg8 18. Qxh7 Rxg2 19. Nd2 $19 {0-1 Prie,
E-Vehi Bach,V/Andorra 1994/TD (46)}) (11. f4 $5) 11... e5 $5 {Black is going
to develop the bishop to e6 instead of to b7 after ...b6.At the same time he
prevents f4 by White.} 12. O-O O-O 13. Bc4 Be6 $1 14. Rfd1 (14. Bxe6 fxe6 15.
Qg4 Rf6 16. Rfd1 Qb6 17. Qg3 Nb4 18. a5 Qc7 19. Rd2 Ra8 20. Rad1 Rd8 $11) 14...
Ng6 15. g3 Ra8 16. Nd5 Rc8 17. c3 (17. Ne3 $5) 17... Nce7 $11 {1/2-1/2 Naumann,
A-Comp P ConNers/Lippstadt 1999/CBM 72/[Meulders] (41)}) (10. f4 O-O 11. O-O-O
b5 12. Bxa7 Rxa7 13. Qe3 Qc7 14. Rhf1 b4 15. Na4 a5 16. Kb1 Bd7 17. Nc1 Rb7 18.
e5 Nd5 $15 {1-0 Rivera,D-Perez Fungueiro,M/Pontevedra 1992/EXT 98 (58)}) (10.
a4 Bxe3 11. Qxe3 b6 12. O-O O-O 13. Rad1 Qc7 14. f4 Bb7 15. Qh3 Nb4 16. f5 e5
17. f6 Ng6 18. Qh5 Rae8 19. Nd2 Re6 20. fxg7 $16 {1/2-1/2 Arakhamia,K-Cramling,
P/Jakarta 1993/EXT 97 (36)}) 10... e5 (10... O-O 11. Rad1 Ng6 12. f4 e5 13.
Bxa7 Rxa7 14. f5 Nf4 15. Qe3 Ra8 16. g3 Nxd3 {1/2-1/2 Moberg,K-Astrom,R/
Borlange 1995/CBM 49 ext (16)}) 11. Rad1 (11. Bxa7 Rxa7 12. f4 (12. Bc4 O-O 13.
Rad1 b5 14. Bd5 b4 15. Na4 a5 16. c4 bxc3 17. bxc3 Qc7 18. Qe3 Ba6 19. Rfe1 Rb8
$11 {0-1 Van Blitterswijk,S-Conquest,S/Amsterdam 1996/EXT 97 (40)}) 12... exf4
13. Rxf4 Ng6 14. Rff1 O-O 15. Nd5 Be6 16. Qf2 Ra8 17. Rad1 Qg5 18. Ne3 Rad8 $11
{1-0 Kaminski,M-Milov,V/Moscow 1994/CBM 44 ext (59)}) 11... O-O 12. Nd5 (12.
Bc4) 12... Be6 13. Bxa7 Rxa7 14. Qe3 b5 15. c3 Rb7 16. f4 exf4 17. Nxf4 Bxb3
18. axb3 Ne5 19. Be2 Qb6 20. Qxb6 Rxb6 21. b4 Rc8 22. Rd4 g6 23. Rfd1 Rcc6 $11
{0-1 Kotronias,V-Milov,V/Groningen 1997/CBM 63 (74)}) 8. Be3 Nbc6 {Meulders:
'Black players used to take on e3 almost automatically. This position first
appeared in grandmaster practice in Kholmov-Forintos, Sochi 1964. It enjoyed
little popularity until the late 1980s, when American GM Larry Christiansen
played it a few times'  Schwarz tauscht nicht von sich aus, sondern wartet auf
Bxa7, wonach er mit dem Turm zurückschlagen kann.} 9. f4 {Meulders: 'Very
unusual. The main moves are 9.Bxa7, 9.Nc3 and 9.0-0.'} (9. Bxa7 {Meulders} Rxa7
10. O-O (10. Qe3 d5 11. e5 d4 12. Qe4 Qd5 13. f4 Nf5 14. Qxd5 exd5 15. N1d2 Ne3
16. g3 Bh3 17. Rg1 f6 18. exf6 O-O 19. Nf3 Rxf6 20. Nbxd4 $16 {1-0 Kavalek,
L-Tan Lian Ann/Manila 1976/IZT (41)}) (10. a4 d5 11. N1d2 O-O 12. O-O e5 13. f4
exf4 14. Rxf4 Ng6 15. Rff1 d4 16. Bc4 Nge5 17. Bd5 Qc7 18. h3 Ra8 {1/2-1/2
Stisis,Y-Polgar,S/Netanya 1993/EXT 98 (78)}) (10. f4 e5 11. f5 d5 12. O-O O-O
13. Nc3 Nd4 14. Nxd4 exd4 15. Nxd5 Nxd5 16. exd5 Qxd5 17. f6 Be6 $16 {1-0
Short,N-Cramling,P/Cap d`Agde 1996/CBM 55 ext (24)}) 10... O-O 11. Nc3 d6 12.
Qe3 b5 13. f4 Ng6 14. Rad1 Qe7 15. Rd2 Ra8 16. Be2 Rb8 17. g3 Rd8 18. Rfd1 Qc7
$11 {1/2-1/2 Kholmov,R-Forintos,G/Sochi 1964/MCD (35)}) (9. Nc3 {Meulders} b5 (
9... O-O 10. Bxa7 Rxa7 11. f4 b5 12. Qf2 Rc7 13. O-O Bb7 14. Rad1 Qb8 15. Qh4
f6 16. a3 Qa7+ 17. Kh1 Qb6 18. Rf3 $14 {1-0 Kotronias,V-Lau,R/Wijk aan Zee
1992/CBM 33 ext (42)}) 10. Bxa7 (10. O-O O-O 11. f4 b4 12. Na4 d6 13. Bxa7 Rxa7
14. Qe3 Rc7 15. Nb6 Bb7 16. Rad1 Nc8 17. Nc4 Rd7 18. e5 $14 {1/2-1/2 Rodriguez,
A-Sunye Neto,J/Bogota 1992/EXT 97 (49)}) 10... Rxa7 11. e5 (11. Qe3 O-O 12.
O-O-O b4 13. Na4 d6 14. Rd2 Bd7 15. Nb6 Be8 16. Nc4 a5 17. Rhd1 Qc7 18. Nd4 Rb7
19. Nxc6 Bxc6 20. e5 dxe5 $15 {1/2-1/2 Dalinger,H-Giardelli,S/San Fernando
1993/EXT 98 (50)}) 11... O-O 12. f4 d6 13. O-O-O Rd7 14. exd6 Rxd6 15. Ne4 Rd5
16. Nc3 Rd6 17. Ne4 Rd5 18. Nc3 Rd6 {1/2-1/2 Brunner,L-Christiansen,L/Germany
1990/GER-chT (18)}) 9... d6 10. N1d2 (10. Nc3) (10. O-O {Meulders} O-O 11. c4
Bxe3+ 12. Qxe3 d5 $1 {It's always a little success for Black if he can play
the advance ...d5 with impunity.} 13. N1d2 dxc4 14. Nxc4 e5 $5 15. Rad1 exf4
16. Qxf4 Ng6 17. Qf2 Qe7 {The normal square for the queen is of course c7, but
after 17...Qc7 18.Nb6 it would be impossible to play 18...Bg4.} 18. Nb6 Bg4 19.
Nxa8 Bxd1 20. Rxd1 Rxa8 $11 {0-1 Bueno Abalo,M-Cacho Reigadas,S/Cordoba 1995/
EXT 2000 (58)}) 10... O-O 11. O-O Nb4 {Meulders: 'Bd3 bears down on the black
kingside, so it's comforting to know this dangerous piece can be exchanged.'
Das ist ein für die Paulsen-Variante typisches Motiv - Schwarz droht
anschließend immer mit dem Abtausch des Bd3.} (11... e5 12. f5 $14) (11...
Bxe3+ 12. Qxe3 f5 $5) 12. Bxa7 Rxa7 13. Rf3 {[%cal Ga1f1] '!' Meulders. Weiß
hat Raumvorteil und Angriffschancen am Königsflügel, ohne bis jetzt konkrete
Drohungen aufstellen zu können.} b6 {[%cal Ga7d7]} (13... e5 14. f5 $14) 14.
Rd1 Rd7 $11 {Meulders: 'The swing Ra8-a7-d7 is a typical manoeuvre in this
line.' Die schwarze Stellung ist etwas passiv aber solide.} 15. f5 $13 {
Weiß spielt auf sofortigen Angriff am Königsflügel und öffnet die Stellung.} (
15. a3 Nxd3 16. cxd3 $11) 15... exf5 16. exf5 Ned5 {[%cal Gd5f6] '!' Meulders.
Meulders: 'En route to f6.' Der Springer zielt nach f6, wo er eine gute
Blockadestellung einnimmt.} (16... Nxd3 $5 17. Qxd3 (17. cxd3 Bb7 18. Rff1 Nd5)
17... Nc6 {[%cal Gc6e5]}) 17. Ne4 Nf6 (17... Nxd3 18. Qxd3 Re8 $5 $13 19. Qxd5
$6 Bb7 20. Qd2 Bxe4 $15) 18. c3 {'!' Meulders. Meulders: 'Forcing the exchange
on d3.'} (18. Nf2 Re8 19. Qd2 Nxd3 20. Rxd3 Rde7 $15 {[%cal Ge8e1,Rc8f5]})
18... Nxd3 19. Rfxd3 {Weiß hat die bessere Bauernstruktur, aber auch ein paar
Schwächen in seiner Stellung. Die schwarze Stellung ist solide.} Nxe4 {
Meulders: 'Because of the pressure on d6 again a forced exchange.'} 20. Qxe4
Re8 21. Qf4 {'+/=' Meulders.} Bb7 $5 {[%cal Gb7h1][%mdl 512] Schwarz kümmert
sich gar nicht erst um den Pd6, sonst strebt dauerhafte Initiative an.} (21...
Re5 $11) (21... Re2 {Meulders} 22. Rxd6 Rxd6 23. Rxd6 Qe8 24. Qd4 $18) (21...
Re5 {Meulders} 22. f6 gxf6 23. Nd4) (21... d5 $5 {Meulders} 22. Qf3 Bb7 23. Nd4
Qf6 {Of course Black has a bad bishop and the knight on d4 is a giant, but at
least Black isn't a pawn down as in the game.}) 22. Rxd6 (22. Re3 Rxe3 23. Qxe3
Re7 24. Qd2 $11) 22... Rxd6 23. Rxd6 (23. Qxd6 Qg5 (23... Re1+ $2 24. Rxe1 Qxd6
25. Re8+ Qf8 26. Rxf8+ Kxf8 27. Nd4 $16 (27. Kf2 $16 {Meulders} Ke7 28. g4 Kf6
29. a4 h5 30. h3 a5 31. Nd4 hxg4 32. hxg4 Ke5 33. Ke3 $16)) 24. Qg3 Qxf5 $15)
23... Re1+ 24. Kf2 Qe7 $44 {Weiß hat einen Bauern mehr, aber der aktive Bb7
und die Kontrolle über die e-Linie bieten Schwarz Kompensation. Andererseits
hat er keine konkreten Drohungen - ich bin mir daher nicht sicher, ob die
Kompensation wirklich ausreichend ist.} 25. Rd2 (25. Nd4 {Meulders} Rb1 $1 26.
Ne2 Rxb2 27. Rd2 Qc5+ 28. Kg3 Rxd2 29. Qxd2 h6 $15) 25... h6 26. Nd4 {'+/='
Meulders.} (26. f6 $5 gxf6 27. Qxh6 Rg1 28. Rd8+ Qxd8 29. Kxg1 Qd1+ 30. Kf2 Qb1
$44) 26... Rg1 $1 {[%cal Re7e1,Re1f2]} 27. Kg3 (27. Kxg1 Qe1+ 28. Qf1 Qxd2 29.
Qe2 Qc1+ 30. Kf2 Qf4+ 31. Kg1 $11 (31. Kg1 {Meulders} Qc1+ {=})) (27. Nf3 Bxf3
28. Kxf3 Rf1+ 29. Rf2 Rd1 $44) 27... Qe1+ 28. Kh3 (28. Qf2 $4 {Meulders} Rxg2+
$19) 28... Kh7 $1 {Dieser prophylaktische Zug ist logisch - Schwarz bringt den
König in Sicherheit.} (28... g5 $2 29. fxg6 Bc8+ 30. Nf5 $18) 29. Re2 Qd1 (
29... Qb1) 30. Qd2 (30. Qe3) (30. Qg4) 30... Qb1 {[%cal Gg1d1,Rb1a2] Meulders:
'Though White is a pawn up his task is far from easy as his king is open to
attack.'} 31. Qe3 (31. a3 Rd1 (31... Be4 $44) 32. Qc2 $14 (32. Qc2 {Meulders}
Qxc2 33. Rxc2 Rd3+ 34. Kg4 Re3 35. Rd2 $14)) 31... Rd1 $1 {[%cal Rd1d3,Rd3h3]}
32. Qf4 Rd3+ 33. Kh4 {'?!' Meulders.} (33. g3 Qxa2 $15 (33... Qxa2 {Meulders}
34. f6 $2 (34. Rd2 Rxd2 35. Qxd2 Qd5 $11) 34... Qd5 {/\...Rxd4, ...Qh5, ...
Qxe2-+})) (33. Re3 $4 {Meulders} Qc1 $19) 33... Qg1 34. Qf2 $4 {[%mdl 8192] Es
ist verständlich, dass Weiß die Damen tauschen möchte, aber dieser Zug
verliert sofort.} (34. g3 Bd5 $44 (34... Bg2 $1 {Meulders} 35. h3 $8 Qh1 36.
Qg4 Bxh3 $1 37. Qxh3 Qc1 {[%csl Gg5][%cal Gc1g5]} 38. Qg4 Qh1+ 39. Qh3 Qc1))
34... Qc1 $19 {[%csl Rh4][%cal Rc1g5,Rg5h4] '?' Meulders. Meulders: 'Both
players are obviously in time-trouble, both overlooking an easy mate.However,
Black's win is merely postponed by a few moves, as White's position has become
undefendable. ' Weiß ist machtlos gegen die Drohung 35...Qg5+.} (34... Qxh2+ $1
35. Kg4 h5+ $19 (35... h5+ {Meulders} 36. Kg5 f6#)) 35. Nf3 Bxf3 (35... Bxf3
36. gxf3 Qf4+ 37. Kh3 Rxf3+ $19) 0-1

[Event "Altensteig"]
[Site "Altensteig"]
[Date "1994.??.??"]
[Round "4"]
[White "Almasi, Zoltan"]
[Black "Stangl, Markus"]
[Result "0-1"]
[WhiteElo "2620"]
[BlackElo "2535"]
[Annotator "Ribli,Z"]
[PlyCount "74"]
[EventDate "1994.08.??"]
[EventType "tourn"]
[EventRounds "11"]
[EventCountry "GER"]
[EventCategory "12"]
[SourceTitle "CBM 043"]
[Source "ChessBase"]
[SourceDate "1994.12.01"]
[SourceVersion "1"]
[SourceVersionDate "1994.12.01"]
[SourceQuality "1"]

1. e4 c5 2. Nf3 e6 3. d4 cxd4 4. Nxd4 a6 5. Bd3 Bc5 6. Nb3 Ba7 7. Nc3 Nc6 8.
Qe2 d6 9. Be3 b5 10. O-O-O Nge7 $5 11. Bxa7 $6 (11. f4 $5 b4 12. Nb1 (12. Na4
$5 {Magem Badals,J-Yudasin,L/Dos Hermanas/1993/CBM36/}) 12... a5 $13 {Ernst,
Th-Sunye Neto,J/Manila ol/1992/INF55,(207)/}) 11... Rxa7 12. f4 O-O 13. e5 $6
Rd7 $1 14. Qe4 (14. exd6 Rxd6 15. Ne4 Rd5 16. Nc3 Rd6 17. Ne4 Rd5 $10) 14... g6
15. exd6 Rxd6 16. Qe3 Qc7 17. Ne4 Nd5 $1 18. Qg3 (18. Qf2 $5 Rdd8 19. Rhf1 Ncb4
20. Kb1 $13) 18... Rdd8 19. Rhf1 Nce7 $1 20. Qf2 $13 Nf5 21. Rde1 Nb4 22. Kb1
Rxd3 $1 23. cxd3 Nxd3 24. Qd2 Nxe1 25. Qxe1 (25. Rxe1 Bb7 26. Nbc5 Bxe4+ 27.
Nxe4 Rd8 $19) 25... Qc4 26. Rf3 Bb7 27. Nf6+ Kg7 28. Na5 Qc7 29. Rc3 (29. Nxb7
Kxf6 $19) 29... Qxf4 $1 (29... Qxa5 $2 30. Qe5 $1 $44) 30. g3 Qd4 31. Nh5+ gxh5
32. Nxb7 Rb8 33. Na5 Rd8 34. Qc1 (34. Nc6 Qd1+ 35. Qxd1 Rxd1+ $19) 34... h6 35.
Nb3 Qe4+ 36. Qc2 Qe1+ 37. Nc1 Rd2 0-1

[Event "Capablanca Memorial Elite 32nd"]
[Site "Cienfuegos"]
[Date "1997.05.20"]
[Round "11"]
[White "Leko, Peter"]
[Black "Borges Matos, Juan R"]
[Result "1-0"]
[WhiteElo "2600"]
[BlackElo "2500"]
[Annotator "Ribli,Z"]
[PlyCount "41"]
[EventDate "1997.05.05"]
[EventType "tourn"]
[EventRounds "11"]
[EventCountry "CUB"]
[EventCategory "12"]
[SourceTitle "CBM 059"]
[Source "ChessBase"]
[SourceDate "1997.08.01"]
[SourceVersion "1"]
[SourceVersionDate "1997.08.01"]
[SourceQuality "1"]

1. e4 c5 2. Nf3 e6 3. d4 cxd4 4. Nxd4 a6 5. Bd3 Ne7 {Dieser selten gespielte
Zug gefällt mir nicht. Ich glaube, die beste Möglichkeit für Schwarz besteht
in 5...Bc5.Ribli.} 6. Nb3 {[%csl Re7] Sehr profilaktisch gespielt! Weiß
vermeidet den nach 6...Nbc6 möglichen Springertausch, und schon steht der Ne7
schlecht.Ribli.} (6. O-O Nec6 7. c3 d5 (7... g6 8. Be3 Bg7 9. Nd2 O-O 10. f4 d6
{1/2-1/2 Horvath,J-Kochyev,A/Budapest Noviki 1988}) 8. exd5 Qxd5 9. Be3 Be7 10.
Nd2 Nxd4 11. Bxd4 O-O 12. Qc2 g6 13. Rad1 Nd7 14. Rfe1 Bc5 15. Be4 Qd6 {
Adams,M-Portisch,L/Erevan olm 1996/1/2-1/2 (44)}) 6... Nbc6 7. Nc3 d5 (7... b5
8. Be3 d6 9. O-O Ng6 10. f4 Be7 11. Qh5 O-O 12. Rf3 e5 13. f5 Nf4 14. Bxf4 exf4
15. Rh3 h6 16. Rf1 Bg5 17. Nd5 Ne5 18. Nxf4 Bb7 {Panbukchian,V-Popchev,M/
BUL-ch 1988/0-1 (44)}) (7... g6 8. Be3 Bg7 9. Qd2 O-O 10. h4 d5 11. Bh6 dxe4
12. Bxg7 Kxg7 13. Nxe4 h6 14. O-O-O {1-0 Tjensvoll,T-Andreasen,P/Randaberg op
1991 (34)}) 8. O-O dxe4 (8... g6 9. exd5 exd5 10. Bg5 Bg7 11. Qd2 O-O {1/2-1/2
Szymczak,Z-Bielczyk,J/POL-chT Lubniewice 1994}) 9. Bxe4 $14 (9. Nxe4 $5 $14 {
[%csl Yc5,Yd6] Das ist eine anderer, älterer theoretischer Vorschlag.Ribli.})
9... Qc7 (9... Qxd1 10. Rxd1 Ng6 11. Be3 {[%csl Rb6,Rc5,Rd6] Weiß ist sehr gut
entwickelt, und die schwarzen Felder am schwarzen Damenflügel sind schwach.
Ribli.}) 10. Re1 {[%cal Ye1e8]} f6 $2 {Eienn solchen Zug muß Schwarz generell
vermeiden.Ribli.} (10... Ng6 11. Nd5 (11. Bxg6 hxg6 $6 12. Nd5 $2 Qxh2+) 11...
exd5 12. Bxg6+ Be7 (12... Be6 $4 13. Rxe6+ $18) 13. Bh5 {[%csl Rd5][%cal Rh5f3,
Rf3d5]} (13. Bd3 $14 {[%csl Rd5]}) 13... O-O 14. Qxd5 Be6 $5 $44 (14... Nb4 {
[%cal Rb4d5,Rb4c2]} 15. Qe4)) 11. a4 {[%csl Rb6][%cal Ra4a5,Ya5b6]} Kf7 {
[%csl Rf7]} 12. a5 $16 {Schwarz hat ein großes positionelles Loch auf b6,
zudem ist sein König angreifbar.Ribli.} f5 (12... g6) 13. Bf3 g6 14. Be3 {
[%cal Re3b6]} Bg7 15. Bb6 Qb8 16. Nd5 $1 {Ein schönes Opfer in überlegener
Stellung. Schwarz spielte die Eröffnung so schlecht, daß er schon am Rande des
Partieverlusts steht.Ribli} (16. Qd2 e5 17. Rad1 (17. Nd5 e4) 17... Be6) 16...
Nxd5 17. Bxd5 Re8 (17... exd5 18. Qxd5+ Kf6 19. Bd4+ (19. Nc5 $40) 19... Nxd4
20. Qxd4+ Kf7 21. Re7+ Kxe7 22. Qxg7+ $18) 18. Bxc6 bxc6 19. Qf3 Re7 (19...
Bxb2 20. Rab1 {[%cal Yb1b7,Yb7b8,Yb1b8,Yb4b8]}) (19... Bd7 20. Nc5) (19... Bb7
20. Nc5) 20. Nc5 Bd7 21. Rad1 $18 {[%cal Yd1d6,Ye1d1] Schwarz ist verloren.
Ribli.} (21. Rad1 Be8 (21... Qc8 22. Rd6 $18) 22. Rd8 $18) 1-0